[Event "V Festival Terre degli Elimi A"]
[Site "Erice ITA"]
[Date "2014.07.25"]
[Round "9"]
[White "Larsen, Karsten"]
[Black "Valguarnera, Girolamo"]
[WhiteElo "2265"]
[BlackElo "2090"]
[Result "1-0"]
[PlyCount "141"]
[EventDate "2014.07.19"]

1. e4 c5 2. Nf3 Nc6 3. Bb5 g6 4. O-O Bg7 5. Re1 Ne5 6. Nxe5 Bxe5 7. c3 a6 8.
Bf1 Qc7 9. h3 Bg7 10. d4 b6 11. d5 d6 12. Bf4 f6 13. Qd2 Bd7 14. a4 Qc8 15. Na3
g5 16. Bh2 Rb8 17. Nc4 Kf8 18. Qd3 Qc7 19. Ne3 Ra8 20. Be2 Nh6 21. Bh5 Qc8 22.
Qe2 Ra7 23. Qf3 Kg8 24. g4 Be8 25. Bxe8 Qxe8 26. Bg3 Qd7 27. Kg2 Nf7 28. Nf5
Bf8 29. Red1 Qe8 30. Qd3 Qc8 31. Rh1 Rd7 32. Rad1 Qb7 33. f3 b5 34. axb5 axb5
35. Ra1 Ne5 36. Bxe5 dxe5 37. Qe2 h5 38. Ng3 h4 39. Nf5 Kf7 40. Ra5 c4 41. Rha1
e6 42. dxe6+ Kxe6 43. Qf2 Be7 44. Ra7 Rb8 45. Rxb7 Rbxb7 46. Nxe7 Kxe7 47. Ra8
Rbc7 48. Rh8 Kf7 49. Rh7+ Kg6 50. Rxd7 Rxd7 51. Qc2 Ra7 52. Qc1 Ra6 53. Kf2 Ra8
54. Ke2 Ra6 55. Qb1 Ra8 56. Kd2 Rd8+ 57. Ke3 Ra8 58. Ke2 Ra6 59. b3 Ra8 60.
bxc4 bxc4 61. Ke3 Ra7 62. Qb4 Ra1 63. Qxc4 Rh1 64. Qg8+ Kh6 65. Qf7 Rxh3 66.
Qxf6+ Kh7 67. Qxg5 Rh1 68. Qxe5 h3 69. Qh5+ Kg7 70. Kf4 h2 71. c4 1-0

[Event "V Festival Terre degli Elimi A"]
[Site "Erice ITA"]
[Date "2014.07.25"]
[Round "9"]
[White "Levitt, Jonathan Paul"]
[Black "Dijkhuis, Tycho"]
[WhiteElo "2420"]
[BlackElo "2321"]
[Result "1/2-1/2"]
[PlyCount "29"]
[EventDate "2014.07.19"]

1. d4 Nf6 2. c4 c5 3. Nf3 cxd4 4. Nxd4 g6 5. Nc3 d5 6. cxd5 Nxd5 7. Ndb5 Nxc3
8. Qxd8+ Kxd8 9. Nxc3 Bg7 10. g3 Bd7 11. Bd2 Bc6 12. f3 Nd7 13. Bh3 e6 14. O-O
Ke7 15. Rfd1 1/2-1/2

[Event "V Festival Terre degli Elimi A"]
[Site "Erice ITA"]
[Date "2014.07.25"]
[Round "9"]
[White "Lewyk, Ihor"]
[Black "Violi, Vincenzo"]
[WhiteElo "2069"]
[BlackElo "1839"]
[Result "1/2-1/2"]
[PlyCount "24"]
[EventDate "2014.07.19"]

1. Nf3 c5 2. c4 g6 3. g3 Bg7 4. Bg2 Nc6 5. Nc3 e5 6. d3 Nge7 7. O-O d6 8. Bg5
h6 9. Bd2 O-O 10. a3 a5 11. Ne1 Be6 12. Nd5 f5 1/2-1/2

[Event "V Festival Terre degli Elimi A"]
[Site "Erice ITA"]
[Date "2014.07.25"]
[Round "9"]
[White "Maiorov, Nikita"]
[Black "Van Der Eijk, Martijn"]
[WhiteElo "2531"]
[BlackElo "2198"]
[Result "1-0"]
[PlyCount "57"]
[EventDate "2014.07.19"]

1. d4 d6 2. g3 g6 3. Bg2 Bg7 4. Nf3 Nd7 5. O-O e5 6. e4 Ne7 7. Nc3 O-O 8. a4
exd4 9. Nxd4 Nc6 10. Nce2 a5 11. f4 Nb6 12. Nb5 Be6 13. c3 Qe7 14. b3 f5 15.
exf5 Bxf5 16. Ned4 Bd7 17. Nxc7 Nxd4 18. cxd4 Bg4 19. Qxg4 Bxd4+ 20. Kh1 Qxc7
21. Rb1 Qc2 22. Ba3 Rfe8 23. Qd1 Re2 24. Qxc2 Rxc2 25. Rbc1 Rxc1 26. Rxc1 Re8
27. Bxd6 Re3 28. Rd1 Rxb3 29. Bh3 1-0

[Event "V Festival Terre degli Elimi A"]
[Site "Erice ITA"]
[Date "2014.07.25"]
[Round "9"]
[White "Mangelschots, Peter"]
[Black "Bifulco, Michel"]
[WhiteElo "2053"]
[BlackElo "2084"]
[Result "1/2-1/2"]
[PlyCount "90"]
[EventDate "2014.07.19"]

1. e4 g6 2. d4 Bg7 3. g3 d5 4. e5 Nh6 5. Bg2 O-O 6. Ne2 f6 7. exf6 Rxf6 8. O-O
c6 9. Bf4 Rf8 10. Re1 Nf7 11. c4 dxc4 12. Na3 Be6 13. Bxb8 Rxb8 14. Nf4 Bd5 15.
Bxd5 cxd5 16. Ne6 Qb6 17. Nxf8 Rxf8 18. Nc2 Ng5 19. Rxe7 Nh3+ 20. Kg2 Nxf2 21.
Qe2 Ne4 22. Rf1 Rxf1 23. Qxf1 Bf6 24. Rxe4 dxe4 25. Qxc4+ Kg7 26. b3 Qa5 27. d5
Qd2+ 28. Kh3 h5 29. Qxe4 Qf2 30. Ne3 g5 31. g4 hxg4+ 32. Nxg4 Qf1+ 33. Kg3 Qg1+
34. Qg2 Qe1+ 35. Qf2 Be5+ 36. Kg2 Qe4+ 37. Qf3 Qc2+ 38. Kh3 Qh7+ 39. Kg2 Qc2+
40. Nf2 Qxa2 41. Qf5 Bf6 42. Qd7+ Kg6 43. Qe8+ Kg7 44. Qd7+ Kg6 45. Qe8+ Kg7
1/2-1/2

[Event "V Festival Terre degli Elimi A"]
[Site "Erice ITA"]
[Date "2014.07.25"]
[Round "9"]
[White "Messina, Damiano"]
[Black "De Coninck, Rafael"]
[WhiteElo "1857"]
[BlackElo "2133"]
[Result "0-1"]
[PlyCount "68"]
[EventDate "2014.07.19"]

1. c4 e5 2. Nc3 Nf6 3. g3 d5 4. cxd5 Nxd5 5. Bg2 Nb6 6. Nf3 Nc6 7. O-O Be7 8.
d3 Be6 9. Be3 O-O 10. Rc1 f6 11. a3 Kh8 12. Ne4 Nd4 13. Bxd4 exd4 14. Nc5 Bd5
15. e4 dxe3 16. fxe3 Nd7 17. Nxd7 Qxd7 18. e4 Bc6 19. Qc2 Rad8 20. d4 Bd6 21.
Kh1 Qg4 22. d5 Bd7 23. Rf2 Rde8 24. Nd4 Re5 25. Rf4 Qg6 26. Nf5 Bxf5 27. exf5
Qf7 28. Rf2 Rfe8 29. Bf3 Qd7 30. g4 Qe7 31. Qd2 Re3 32. Rc2 Qe5 33. Re2 Qf4 34.
Rf2 Re1+ 0-1

[Event "V Festival Terre degli Elimi A"]
[Site "Erice ITA"]
[Date "2014.07.25"]
[Round "9"]
[White "Mollema, Thomas"]
[Black "Sardo, Gabriele"]
[WhiteElo "2076"]
[BlackElo "2253"]
[Result "1-0"]
[PlyCount "59"]
[EventDate "2014.07.19"]

1. e4 c5 2. c3 Nf6 3. e5 Nd5 4. d4 cxd4 5. Nf3 e6 6. cxd4 b6 7. Nbd2 d6 8. Ne4
dxe5 9. Nxe5 Nd7 10. Bb5 a6 11. Bg5 Bb4+ 12. Kf1 Qc7 13. Rc1 axb5 14. Rxc7 Nxc7
15. a3 Bb7 16. f3 Be7 17. Bxe7 Kxe7 18. Qd2 Nd5 19. Qg5+ N5f6 20. Nxd7 Bxe4 21.
Nxb6 Bd3+ 22. Kf2 Rad8 23. Qc5+ Ke8 24. Nc8 Kd7 25. Rc1 Bc4 26. Nb6+ Ke8 27. b3
Bd5 28. Nc8 Rd7 29. Nd6+ Kf8 30. Nf5+ 1-0

[Event "V Festival Terre degli Elimi A"]
[Site "Erice ITA"]
[Date "2014.07.25"]
[Round "9"]
[White "Peat, Matthew"]
[Black "Ovaskainen, Juha"]
[WhiteElo "2056"]
[BlackElo "1839"]
[Result "1/2-1/2"]
[PlyCount "31"]
[EventDate "2014.07.19"]

1. g3 Nf6 2. c4 g6 3. Bg2 Bg7 4. Nc3 O-O 5. e4 d6 6. Nge2 c5 7. O-O Nc6 8. d3
a6 9. a4 Ne8 10. Be3 Nd4 11. Rb1 e5 12. b4 Nc7 13. b5 axb5 14. axb5 b6 15. Ra1
Be6 16. Ra4 1/2-1/2

[Event "V Festival Terre degli Elimi A"]
[Site "Erice ITA"]
[Date "2014.07.25"]
[Round "9"]
[White "Sadzikowski, Daniel"]
[Black "Burg, Twan"]
[WhiteElo "2481"]
[BlackElo "2508"]
[Result "0-1"]
[PlyCount "218"]
[EventDate "2014.07.19"]

1. c4 c6 2. Nf3 d5 3. b3 Bf5 4. Bb2 e6 5. g3 Nf6 6. Bg2 Nbd7 7. O-O a5 8. a3 a4
9. cxd5 exd5 10. b4 Be7 11. d3 O-O 12. Nd4 Bg6 13. Nd2 Re8 14. Rc1 Qb6 15. Rc2
Bd6 16. Qa1 Re7 17. Rb1 Rae8 18. N2f3 Bb8 19. Qa2 h5 20. Ba1 Rf8 21. Qb2 Bh7
22. Bh3 Rd8 23. Rf1 Ree8 24. Qc1 Bg6 25. Qd2 Bd6 26. Rcc1 Nh7 27. Qb2 Nhf6 28.
Qc2 Qa7 29. Nh4 Be5 30. Nhf3 Bd6 31. Qd2 Nh7 32. Nh4 Be5 33. e3 Nhf8 34. Nxg6
Nxg6 35. Qd1 Nf6 36. f4 Bc7 37. Qf3 Bb6 38. Rce1 Qa6 39. Rd1 Qa7 40. Rfe1 Nf8
41. Nf5 N8h7 42. Qf2 c5 43. bxc5 Bxc5 44. Bb2 b5 45. Nd4 Qa6 46. Qd2 Qb6 47.
Nc2 Ng4 48. Bxg4 hxg4 49. Rb1 f5 50. Bd4 Rb8 51. Rb2 Nf8 52. Be5 Rb7 53. Reb1
Ne6 54. d4 Bf8 55. Qd3 Qc6 56. Nb4 Bxb4 57. Rxb4 Rf8 58. Rxb5 Rxb5 59. Qxb5 Qc3
60. Qxd5 Qxe3+ 61. Kh1 Kh7 62. Qg2 Rc8 63. d5 Nc5 64. d6 Ne4 65. Rf1 Rc1 66.
Rxc1 Qxc1+ 67. Qg1 Qxa3 68. Qf1 Nxd6 69. Bxd6 Qxd6 70. Qb5 Qd1+ 71. Kg2 Qc2+
72. Kg1 a3 73. Qe8 Qc5+ 74. Kf1 a2 75. Qh5+ Kg8 76. Qe8+ Qf8 77. Qa4 Qf7 78.
Ke2 Kh7 79. Kd3 Qd5+ 80. Kc3 Qg2 81. Qa5 g6 82. Kb3 Qxh2 83. Qc7+ Kh6 84. Qe5
a1=N+ 85. Ka3 Qxg3+ 86. Ka2 Qg2+ 87. Kxa1 Qa8+ 88. Kb2 Qb7+ 89. Kc1 Qc8+ 90.
Kd2 Qd8+ 91. Ke2 Kh5 92. Qg7 Qe8+ 93. Kf2 g3+ 94. Kxg3 Qe3+ 95. Kg2 Qe4+ 96.
Kg3 Qe3+ 97. Kg2 Qe2+ 98. Kg3 Qg4+ 99. Kf2 Qxf4+ 100. Kg2 Qe4+ 101. Kh2 Qe2+
102. Kh3 Qe3+ 103. Kh2 g5 104. Qd7 Qe2+ 105. Kg1 Qe4 106. Kh2 Qe2+ 107. Kg1 Kg4
108. Qd4+ f4 109. Qd8 Kh3 0-1

[Event "V Festival Terre degli Elimi A"]
[Site "Erice ITA"]
[Date "2014.07.25"]
[Round "9"]
[White "Santagati, Alessandro"]
[Black "Di Misa, Salvatore"]
[WhiteElo "2216"]
[BlackElo "1962"]
[Result "1-0"]
[PlyCount "53"]
[EventDate "2014.07.19"]

1. e4 e6 2. d4 d5 3. Nc3 Nf6 4. Bg5 Be7 5. e5 Nfd7 6. h4 Bxg5 7. hxg5 a6 8. Qg4
c5 9. g6 f5 10. Qg3 h6 11. Nf3 Rg8 12. O-O-O Nc6 13. dxc5 Nxc5 14. Bd3 Nxd3+
15. Rxd3 Qa5 16. Qf4 Ne7 17. g4 Nxg6 18. Qh2 Ne7 19. Qh5+ g6 20. Qxh6 Bd7 21.
Qh7 Qb4 22. gxf5 gxf5 23. Nd4 Rg6 24. Qh8+ Rg8 25. Qf6 Rf8 26. Rh8 O-O-O 27.
Rxf8 1-0

[Event "V Festival Terre degli Elimi A"]
[Site "Erice ITA"]
[Date "2014.07.25"]
[Round "9"]
[White "Senders, Mischa"]
[Black "Iwanow, Anna"]
[WhiteElo "2183"]
[BlackElo "2210"]
[Result "1-0"]
[PlyCount "79"]
[EventDate "2014.07.19"]

1. e4 e5 2. Nf3 Nc6 3. Bb5 a6 4. Ba4 Nge7 5. c3 d6 6. h3 Bd7 7. d4 h6 8. d5 Nb8
9. Bxd7+ Nxd7 10. c4 Ng6 11. Nc3 Be7 12. Be3 Bg5 13. Nxg5 hxg5 14. g3 Qe7 15.
Qg4 Nf6 16. Qe2 Nd7 17. Qg4 Nf6 18. Qe2 Nd7 19. O-O-O Rh7 20. Kb1 f6 21. Qg4
Qf7 22. Ka1 Ke7 23. Rd2 b6 24. b4 Ndf8 25. c5 b5 26. Rc1 Qe8 27. Rdc2 Qd7 28.
Qe2 dxc5 29. d6+ cxd6 30. Nd5+ Kf7 31. Nb6 Qb7 32. Nxa8 Qxa8 33. bxc5 dxc5 34.
Bxc5 Ne6 35. Bb6 Ne7 36. Qd3 Rxh3 37. Qd7 Qxe4 38. Rc8 Nd4 39. Qxh3 Nxc8 40.
Qxc8 1-0

[Event "V Festival Terre degli Elimi A"]
[Site "Erice ITA"]
[Date "2014.07.25"]
[Round "9"]
[White "Sieciechowicz, Marcin"]
[Black "Petkov, Vladimir"]
[WhiteElo "2438"]
[BlackElo "2538"]
[Result "1-0"]
[PlyCount "67"]
[EventDate "2014.07.19"]

1. d4 e6 2. c4 Bb4+ 3. Bd2 a5 4. Nc3 d6 5. e4 e5 6. a3 Bxc3 7. Bxc3 Nf6 8. f3
Nc6 9. d5 Ne7 10. b4 O-O 11. g3 Nd7 12. Bg2 f5 13. Ne2 fxe4 14. fxe4 c6 15.
dxc6 Nb6 16. c5 Nc4 17. cxb7 Bxb7 18. Qb3 d5 19. exd5 Ne3 20. d6+ N7d5 21. Be4
Kh8 22. Bd2 a4 23. Qd3 Ba6 24. b5 Bxb5 25. Qxb5 Rb8 26. Qd3 Rb3 27. Nc3 Qf6 28.
Bxe3 Rxc3 29. Rf1 Qd8 30. Qxd5 Rxe3+ 31. Kd2 Rb3 32. Rxf8+ Qxf8 33. Rf1 Qd8 34.
c6 1-0

[Event "V Festival Terre degli Elimi A"]
[Site "Erice ITA"]
[Date "2014.07.25"]
[Round "9"]
[White "Smith, Thijmen"]
[Black "Vanparys, Philip"]
[WhiteElo "2225"]
[BlackElo "2141"]
[Result "1-0"]
[PlyCount "49"]
[EventDate "2014.07.19"]

1. e4 d6 2. d4 Nf6 3. Nc3 g6 4. Be3 c6 5. Qd2 b5 6. Bd3 Nbd7 7. Nf3 e5 8. dxe5
dxe5 9. h3 a6 10. a4 b4 11. Ne2 c5 12. Bc4 Bg7 13. Ng3 Bb7 14. Rd1 Qc7 15. O-O
O-O 16. Qd6 Qc8 17. b3 Ra7 18. Ng5 h6 19. Nxf7 Rxf7 20. f4 Qc6 21. fxe5 Qxd6
22. Bxf7+ Kxf7 23. Rxd6 Nxe5 24. Bxc5 Ra8 25. Rb6 1-0

[Event "V Festival Terre degli Elimi A"]
[Site "Erice ITA"]
[Date "2014.07.25"]
[Round "9"]
[White "Volkers, Annemarie"]
[Black "Bertino, Giacomo"]
[WhiteElo "2019"]
[BlackElo "1918"]
[Result "1-0"]
[PlyCount "107"]
[EventDate "2014.07.19"]

1. e4 d5 2. exd5 Nf6 3. c4 e6 4. dxe6 Bxe6 5. Be2 Nc6 6. Nf3 Nd4 7. Nc3 Bc5 8.
h3 Nxe2 9. Qxe2 O-O 10. d3 Re8 11. Be3 Qe7 12. d4 Bb4 13. O-O Bxc3 14. bxc3 Ne4
15. Rfc1 Qa3 16. Qd3 Nd6 17. d5 Bf5 18. Qf1 Ne4 19. Bd4 b6 20. Qd1 Nc5 21. Qd2
Ne4 22. Qf4 Nd6 23. Qg3 Bg6 24. h4 Re7 25. Re1 Rae8 26. Rxe7 Rxe7 27. h5 Nf5
28. Qg4 Qb2 29. Rf1 Qxa2 30. hxg6 hxg6 31. Ne5 b5 32. Nc6 Re8 33. Bxa7 bxc4 34.
Qf4 Nd6 35. Bd4 Qe2 36. Ne5 g5 37. Qe3 Qh5 38. Qf3 Qh7 39. Rc1 f6 40. Nd7 Re4
41. Nc5 Rf4 42. Qe3 Rh4 43. f3 Qh5 44. Kf2 Rh2 45. Qe6+ Kh7 46. Qg4 Qg6 47. Kg1
Qh6 48. Kf2 f5 49. Qg3 Rh4 50. Ne6 g4 51. Qe5 g3+ 52. Ke2 Ne8 53. Rg1 Qg6 54.
Nf8+ 1-0

[Event "V Festival Terre degli Elimi A"]
[Site "Erice ITA"]
[Date "2014.07.25"]
[Round "9"]
[White "Warakomski, Tomasz"]
[Black "Pisacane, Pietro"]
[WhiteElo "2501"]
[BlackElo "2058"]
[Result "1-0"]
[PlyCount "61"]
[EventDate "2014.07.19"]

1. e4 e6 2. d4 d5 3. Nd2 Nf6 4. e5 Nfd7 5. c3 c5 6. Bd3 Nc6 7. Ne2 cxd4 8. cxd4
f6 9. exf6 Nxf6 10. Nf3 Bd6 11. O-O Qc7 12. Nc3 a6 13. h3 O-O 14. Be3 Nh5 15.
Rc1 Nf4 16. Bb1 g6 17. Re1 Qf7 18. Bxf4 Bxf4 19. Rc2 Bd7 20. Rce2 b5 21. a3
Rac8 22. Ba2 h6 23. Rxe6 Bxe6 24. Rxe6 Rfe8 25. Rxe8+ Qxe8 26. Nxd5 Kg7 27.
Nxf4 Qe4 28. Ne6+ Kf6 29. Nd2 Qd3 30. Bb1 Qc4 31. Nxc4 1-0

[Event "V Festival Terre degli Elimi A"]
[Site "Erice ITA"]
[Date "2014.07.25"]
[Round "9"]
[White "Winter, Kevin"]
[Black "Fabiano, Giuseppe"]
[WhiteElo "1825"]
[BlackElo "2053"]
[Result "0-1"]
[PlyCount "82"]
[EventDate "2014.07.19"]

1. e4 c5 2. a3 e6 3. b4 b6 4. Bb2 Bb7 5. Nc3 a6 6. bxc5 bxc5 7. Nf3 d6 8. Bd3
Nd7 9. O-O Ngf6 10. Re1 Be7 11. Rb1 Qc8 12. Bc4 O-O 13. Bf1 Re8 14. g3 Bf8 15.
Bg2 Rb8 16. d3 Qc7 17. Qd2 Ba8 18. Qe2 Qa5 19. Qd2 Qc7 20. Qe2 Qc8 21. Qd2 g6
22. Qg5 Bg7 23. h4 Qc6 24. Qd2 Rb6 25. Ba1 Rxb1 26. Rxb1 d5 27. exd5 exd5 28.
Ng5 h6 29. Nh3 Qd6 30. Ne2 Bc6 31. Bxf6 Bxf6 32. Nef4 d4 33. Re1 Ne5 34. Kf1
Kg7 35. Qd1 Bd8 36. h5 g5 37. Bxc6 Qxc6 38. Ng2 Ba5 39. Re2 Qf3 40. Qc1 Nxd3
41. Nxg5 Qxe2+ 0-1

[Event "III Festival Magistrale"]
[Site "Fano ITA"]
[Date "2014.07.28"]
[Round "1"]
[White "Di Benedetto, Edoardo"]
[Black "Formento, Paolo"]
[WhiteElo "2024"]
[BlackElo "2228"]
[Result "1-0"]
[PlyCount "145"]
[EventDate "2014.07.28"]

1. e4 e6 2. d4 d5 3. Nc3 Bb4 4. Nge2 Nf6 5. Bg5 dxe4 6. a3 Be7 7. g3 Nbd7 8.
Bg2 O-O 9. Nxe4 Nxe4 10. Bxe7 Nxf2 11. Bxd8 Nxd1 12. Bxc7 Nxb2 13. Rb1 Nc4 14.
Bxb7 Bxb7 15. Rxb7 Rfc8 16. O-O Ne3 17. Rf3 Nd5 18. Bd6 N7f6 19. c3 Ne4 20. Bb4
f5 21. Ba5 Nd6 22. Rd7 Nc4 23. Bb4 a5 24. Bc5 Rd8 25. Rxd8+ Rxd8 26. Nf4 Nxf4
27. Rxf4 g6 28. g4 Rd5 29. gxf5 exf5 30. Rf1 Kf7 31. Rb1 Rd7 32. Rb5 g5 33. a4
f4 34. Rb8 Ke6 35. Kf2 Kf5 36. h3 Rf7 37. Ke2 g4 38. hxg4+ Kxg4 39. Rg8+ Kh3
40. d5 Ne5 41. Rg5 Ng4 42. Kf3 Nh2+ 43. Kf2 Ng4+ 44. Kf3 Nh2+ 45. Kf2 Kh4 46.
Rg2 Ng4+ 47. Kf3 Ne5+ 48. Ke4 Nd7 49. Bd6 f3 50. Rg1 f2 51. Rf1 Nf6+ 52. Ke5
Ng4+ 53. Ke6 Rf3 54. Bc5 Kh3 55. Bxf2 Nxf2 56. d6 Re3+ 57. Kf7 Kg2 58. Rb1 Ng4
59. Rb5 Ne5+ 60. Rxe5 Rxe5 61. d7 Rd5 62. Ke6 Rd2 63. c4 h5 64. c5 h4 65. c6 h3
66. c7 h2 67. d8=Q Re2+ 68. Kf5 Rf2+ 69. Kg4 Kg1 70. Qd1+ Rf1 71. Qd4+ Rf2 72.
Kg3 Kh1 73. Qd1+ 1-0

[Event "III Festival Magistrale"]
[Site "Fano ITA"]
[Date "2014.07.28"]
[Round "1"]
[White "Rovedi, Mauro"]
[Black "Lajthajm, Borko"]
[WhiteElo "2056"]
[BlackElo "2526"]
[Result "1/2-1/2"]
[PlyCount "57"]
[EventDate "2014.07.28"]

1. d4 Nf6 2. Nf3 c5 3. c3 e6 4. Bf4 Nc6 5. e3 h6 6. h3 b6 7. Bd3 Bb7 8. Nbd2
Be7 9. Qe2 cxd4 10. exd4 a6 11. Ne4 Nxe4 12. Bxe4 d5 13. Bd3 Bd6 14. Ne5 Qc7
15. Bh2 b5 16. a3 Rb8 17. O-O O-O 18. f4 Rbe8 19. Rae1 Ne7 20. Bb1 f5 21. Qh5
Kh7 22. Nf7 Kg8 23. Nxh6+ gxh6 24. Rxe6 Rf7 25. Rxh6 Kf8 26. Rh8+ Ng8 27. Qh6+
Rg7 28. Qf6+ Rf7 29. Qh6+ 1/2-1/2

[Event "Open SSM A Agosto"]
[Site "Milano ITA"]
[Date "2014.07.29"]
[Round "1"]
[White "Bisignano, Giuseppe"]
[Black "Mandelli, Giacomo"]
[WhiteElo "1872"]
[BlackElo "1752"]
[Result "1-0"]
[PlyCount "69"]
[EventDate "2014.07.29"]

1. e4 c5 2. Nf3 e6 3. d4 cxd4 4. Nxd4 a6 5. Nc3 Qc7 6. Be3 Nf6 7. Be2 b5 8. f3
Bc5 9. O-O Bb7 10. Kh1 O-O 11. Qd2 d5 12. exd5 Nxd5 13. Nxd5 Bxd5 14. a4 b4 15.
c3 bxc3 16. Qxc3 Nd7 17. Rfc1 Qb6 18. a5 Qb4 19. Qxb4 Bxb4 20. Nc6 Bd6 21. b4
Ne5 22. b5 Nxc6 23. bxc6 Rfc8 24. Rab1 Bc7 25. Bb6 Bf4 26. c7 Bxc1 27. Rxc1 Kf8
28. Bd3 h6 29. Kg1 Ke7 30. Kf2 Kd7 31. Ke3 Re8 32. g4 Kc8 33. Be4 Bxe4 34. Kxe4
Kb7 35. Ke5 1-0

[Event "Open SSM A Agosto"]
[Site "Milano ITA"]
[Date "2014.07.29"]
[Round "1"]
[White "Nicolo', Filippo"]
[Black "Casartelli, Fabio"]
[WhiteElo "2066"]
[BlackElo "1834"]
[Result "1-0"]
[PlyCount "107"]
[EventDate "2014.07.29"]

1. e4 e5 2. Bc4 d6 3. Nf3 Nf6 4. d4 Be7 5. dxe5 dxe5 6. Qxd8+ Bxd8 7. Nxe5 O-O
8. Nc3 Nbd7 9. Nxd7 Nxd7 10. O-O c6 11. Be3 Bf6 12. f4 Bxc3 13. bxc3 Re8 14. e5
Nb6 15. Bb3 Be6 16. Bc5 Rad8 17. a4 Rd2 18. a5 Nd5 19. f5 Bc8 20. Rae1 b6 21.
axb6 axb6 22. Bd6 c5 23. Rf2 Rxf2 24. Kxf2 Nxc3 25. e6 fxe6 26. fxe6 Nb5 27.
e7+ Kh8 28. Bf4 Nd4 29. Bf7 Bd7 30. Bxe8 Bxe8 31. Bc7 b5 32. c3 Nf5 33. Re5 g6
34. Rxc5 Kg8 35. Bd8 Kf7 36. g4 Nd6 37. Ke3 Ke6 38. Rc7 Ke5 39. Ra7 Ke6 40. Kd4
b4 41. c4 b3 42. Ra3 h5 43. h3 hxg4 44. hxg4 Nf7 45. Rxb3 Nh6 46. Re3+ Kd7 47.
Re4 Kd6 48. c5+ Kd7 49. Ke5 Nf7+ 50. Kf6 Kc6 51. Bb6 Kd5 52. Re1 Kc6 53. Kg7
Ng5 54. Kf8 1-0

[Event "Open SSM A Agosto"]
[Site "Milano ITA"]
[Date "2014.07.29"]
[Round "1"]
[White "Papale, Carmelo"]
[Black "Di Chiara, Mauro"]
[WhiteElo "1826"]
[BlackElo "2006"]
[Result "0-1"]
[PlyCount "120"]
[EventDate "2014.07.29"]

1. e4 g6 2. Nf3 Bg7 3. d3 d6 4. g3 c5 5. Nbd2 Nc6 6. Bg2 Nf6 7. c3 O-O 8. O-O
Rb8 9. a4 a6 10. Nc4 b5 11. axb5 axb5 12. Ne3 b4 13. Nc4 bxc3 14. bxc3 Be6 15.
Qa4 Qc7 16. Bd2 Bd7 17. Qc2 Ng4 18. Ra3 Rb7 19. h3 Nge5 20. Nfxe5 Nxe5 21. Ne3
Rfb8 22. Nd5 Qd8 23. Ra2 c4 24. d4 Nd3 25. Rfa1 Rb2 26. Rxb2 Rxb2 27. Qd1 e5
28. dxe5 Bxe5 29. Ra7 Qb8 30. Ra1 Kh8 31. f4 Bg7 32. Be3 Be6 33. e5 Rxg2+ 34.
Kxg2 Bxd5+ 35. Kh2 dxe5 36. Rb1 Qe8 37. Ba7 Qe7 38. Rb8+ Bf8 39. Be3 Qd6 40.
Rb6 Bc6 41. fxe5 Qd5 42. Qf1 Qf3 43. Qxf3 Bxf3 44. Bg5 h6 45. Bf6+ Bg7 46.
Bxg7+ Kxg7 47. e6 fxe6 48. Rxe6 Bd5 49. Rd6 Bf7 50. Ra6 Nc5 51. Ra2 g5 52. Kg2
Ne4 53. Ra3 Bd5 54. Kh2 Kf6 55. g4 Ke5 56. Kg1 Kf4 57. Kf1 Ke3 58. Ra6 Nxc3 59.
Rxh6 Ne4 60. h4 gxh4 0-1

[Event "Open SSM A Agosto"]
[Site "Milano ITA"]
[Date "2014.07.29"]
[Round "1"]
[White "Quagliarella, Sabino Remo"]
[Black "Pelizzola, Danilo"]
[WhiteElo "1838"]
[BlackElo "2106"]
[Result "1/2-1/2"]
[PlyCount "75"]
[EventDate "2014.07.29"]

1. d4 Nf6 2. Nf3 e6 3. Nbd2 d5 4. e3 c5 5. dxc5 Bxc5 6. Bd3 Nc6 7. O-O O-O 8.
a3 Qc7 9. b4 Bd6 10. Bb2 e5 11. e4 dxe4 12. Nxe4 Nxe4 13. Bxe4 h6 14. c4 Be6
15. c5 Be7 16. Bxc6 Qxc6 17. Nxe5 Qc7 18. Qf3 Bf6 19. Rfe1 a5 20. bxa5 Rxa5 21.
Rac1 Rxc5 22. Rxc5 Qxc5 23. Nd3 Qf5 24. Qxf5 Bxf5 25. Bxf6 Bxd3 26. Be7 Rc8 27.
Bb4 g5 28. f3 Rc2 29. Rd1 Bb5 30. Rd2 Rc1+ 31. Kf2 Kg7 32. Kg3 Bc6 33. h4 Rc4
34. hxg5 hxg5 35. Rd4 Rc2 36. Rd2 Rc1 37. Rd8 Rc2 38. Rd2 1/2-1/2

[Event "Open SSM A Agosto"]
[Site "Milano ITA"]
[Date "2014.07.29"]
[Round "1"]
[White "Vezzosi, Paolo"]
[Black "Prevedello, Daniele"]
[WhiteElo "2282"]
[BlackElo "1860"]
[Result "1-0"]
[PlyCount "64"]
[EventDate "2014.07.29"]

1. d4 d5 2. Nf3 Nf6 3. c4 c6 4. Qc2 g6 5. Bf4 Bf5 6. Qb3 Qb6 7. c5 Qxb3 8. axb3
Bg7 9. Nc3 O-O 10. e3 Nbd7 11. h3 b6 12. b4 a5 13. b5 Rfc8 14. bxc6 Rxc6 15.
Bb5 Rcc8 16. c6 Nb8 17. c7 Na6 18. Bc6 Ra7 19. Nb5 Raxc7 20. Nxc7 Nxc7 21. Bb7
Rb8 22. Rc1 Rxb7 23. Rxc7 Rxc7 24. Bxc7 Nd7 25. Kd2 a4 26. Rc1 b5 27. g4 Be4
28. Ne1 g5 29. f3 Bg6 30. Ba5 f6 31. Rc7 Be8 32. Rb7 Nf8 1-0

[Event "Open SSM A Agosto"]
[Site "Milano ITA"]
[Date "2014.07.30"]
[Round "2"]
[White "Alati, Alberto"]
[Black "Nicolo', Filippo"]
[WhiteElo "1745"]
[BlackElo "2066"]
[Result "0-1"]
[PlyCount "46"]
[EventDate "2014.07.29"]

1. c4 e5 2. g3 Nf6 3. Nc3 Bb4 4. Bg2 Nc6 5. Nf3 Bxc3 6. bxc3 d6 7. O-O O-O 8.
Qc2 Be6 9. d3 h6 10. Rb1 Rb8 11. Rd1 Qd7 12. a4 Bh3 13. Bh1 Ng4 14. d4 e4 15.
Qxe4 Nxf2 16. Kxf2 Bf5 17. Qh4 Bxb1 18. Bxh6 Bg6 19. Bc1 Rfe8 20. Nd2 Qf5+ 21.
Qf4 Qc2 22. Re1 Qxc3 23. e3 Nb4 0-1

[Event "Open SSM A Agosto"]
[Site "Milano ITA"]
[Date "2014.07.30"]
[Round "2"]
[White "Casartelli, Fabio"]
[Black "Papale, Carmelo"]
[WhiteElo "1834"]
[BlackElo "1826"]
[Result "1-0"]
[PlyCount "127"]
[EventDate "2014.07.29"]

1. d4 Nf6 2. Nd2 d5 3. Ngf3 e6 4. e3 Be7 5. Bd3 O-O 6. O-O Nbd7 7. b3 b6 8. e4
dxe4 9. Nxe4 Bb7 10. Ng3 c5 11. Bb2 cxd4 12. Nxd4 Nc5 13. Be2 Qc7 14. Bf3 Rad8
15. Bxb7 Nxb7 16. Qe2 Rd5 17. c4 Rd7 18. Rad1 Rfd8 19. Nb5 Qb8 20. Rxd7 Rxd7
21. Rd1 Rxd1+ 22. Qxd1 a6 23. Nc3 Nc5 24. b4 Ncd7 25. a3 Qc7 26. Qd3 Ne5 27.
Qd4 Nxc4 28. Bc1 b5 29. Nge4 h6 30. Nc5 Qc6 31. f3 Bd6 32. N3e4 Nxe4 33. Nxe4
Bc7 34. Nc5 Bb6 35. Kf1 Bxc5 36. bxc5 Qd5 37. Qxd5 exd5 38. Ke2 Kf8 39. Kd3 Ke7
40. Kd4 Ke6 41. Bf4 Na5 42. Bd6 Nc6+ 43. Kd3 g5 44. g4 f5 45. h3 fxg4 46. hxg4
Ne5+ 47. Ke2 Nc4 48. Bf8 Nxa3 49. Bxh6 Kf6 50. f4 gxf4 51. Bxf4 Nc4 52. Kd3 b4
53. Bc7 b3 54. Bd8+ Ke5 55. c6 Kd6 56. c7 Kd7 57. Kc3 d4+ 58. Kxb3 d3 59. Kc3
d2 60. Kc2 a5 61. g5 a4 62. g6 a3 63. g7 a2 64. Bf6 1-0

[Event "Open SSM A Agosto"]
[Site "Milano ITA"]
[Date "2014.07.30"]
[Round "2"]
[White "Di Chiara, Mauro"]
[Black "Vezzosi, Paolo"]
[WhiteElo "2006"]
[BlackElo "2282"]
[Result "0-1"]
[PlyCount "70"]
[EventDate "2014.07.29"]

1. Nf3 Nf6 2. c4 g6 3. d4 Bg7 4. Nc3 d6 5. e4 O-O 6. Be2 Na6 7. Bg5 h6 8. Bh4
g5 9. Bg3 Nh5 10. Qd2 c5 11. d5 Nc7 12. Rd1 a6 13. a4 Bd7 14. e5 Nxg3 15. hxg3
dxe5 16. Ne4 Bxa4 17. Ra1 b5 18. Nxc5 Qd6 19. Nxa4 bxa4 20. Rxa4 Rfb8 21. O-O
e4 22. Nd4 Bxd4 23. Qxd4 Ne6 24. Qe3 Nc5 25. Ra5 Rxb2 26. Qxc5 Qxc5 27. Rxc5
Rxe2 28. Rb1 a5 29. Kf1 Rc2 30. Ra1 a4 31. Ra3 Kg7 32. Rc7 Rb8 33. Kg1 Rb1+ 34.
Kh2 h5 35. g4 h4 0-1

[Event "Open SSM A Agosto"]
[Site "Milano ITA"]
[Date "2014.07.30"]
[Round "2"]
[White "Pelizzola, Danilo"]
[Black "Bisignano, Giuseppe"]
[WhiteElo "2106"]
[BlackElo "1872"]
[Result "1-0"]
[PlyCount "59"]
[EventDate "2014.07.29"]

1. e4 e5 2. Nf3 Nc6 3. Bb5 a6 4. Ba4 Nf6 5. O-O Be7 6. Re1 b5 7. Bb3 O-O 8. c3
d6 9. h3 Bb7 10. d4 h6 11. Nbd2 a5 12. Nf1 Nh5 13. d5 Nb8 14. Nxe5 dxe5 15.
Qxh5 Nd7 16. Ng3 Bg5 17. Bxg5 Qxg5 18. Rad1 g6 19. Qxg5 hxg5 20. a3 Kg7 21. Bc2
Ra6 22. Bd3 Rb6 23. b4 a4 24. Nf1 f5 25. f3 f4 26. Nd2 c6 27. c4 cxd5 28. c5
dxe4 29. Bxe4 Bxe4 30. Nxe4 1-0